000 00827nam a2200205 i 4500
001 164568
003 ES-MaACL
005 20251014063239.0
008 180531s1916 sp |||| | spa d
100 1 _aWernert, Paul,
_d1889-1972
_9152482
245 1 0 _aRepresentaciones de antepasados en el arte paleolítico /
_cpor Paul Wernert.
260 _aMadrid :
_bMuseo Nacional de Ciencias Naturales,
_c1916.
300 _a62 p. :
_bil. ;
_c27 cm.
490 1 _aComisión de Investigaciones Paleontológicas y Prehistoricas ;
_v12
594 _aPrecede al tít.: Junta para Ampliación de Estudios e Investigaciones.
650 0 7 _aArte prehistórico
_2embne
_910269
830 0 _aComisión de Investigaciones Paleontológicas y Prehistóricas
_v12
_9230771
852 _aES-MaACL
_jB-13003(3)
999 _c164568
_d164568